000 00438nam a2200193Ia 4500
005 20250923145741.0
008 008 250917s9999 xx 000 0 eng d
037 _aPeriodicals
040 _aDSWL
_beng
_cDSWL
041 _aeng
_2eng
084 _qDSWL
245 0 _aPopulation and developmene review
260 _c1985
365 _aINR
_b10
490 _vVol.11
925 _g10
942 _cCR
999 _c1455210
_d1455210